Christian perspectives on transforming interreligious encounter : Essays in Honor of Leo D. Lefebure (Record no. 23514)

MARC details
000 -LEADER
fixed length control field 01413cam a2200253 i 4500
020 ## - INTERNATIONAL STANDARD BOOK NUMBER
ISBN 9781666959987
082 00 - DEWEY DECIMAL CLASSIFICATION NUMBER
Classification number 261.2
Author Cutter LEO
100 ## - MAIN ENTRY--AUTHOR NAME
Author name Lefebure
245 00 - TITLE STATEMENT
Title Christian perspectives on transforming interreligious encounter : Essays in Honor of Leo D. Lefebure
260 ## - PUBLICATION, DISTRIBUTION, ETC. (IMPRINT)
Place of publication Maryland
Name of publisher Lexington Books
Year of publication 2024
300 ## - PHYSICAL DESCRIPTION
Number of Pages xxviii, 350 pages :
Other physical details illustrations ;
505 2# - FORMATTED CONTENTS NOTE
Formatted contents note Ways of encountering the religious other -- The Christian Bible and interreligious relations: a conversation with Leo D. Lefebure / John T. Pawlikowski -- A Christian reading of the Bhagavad Gita: relationship and service with God and with others / Kristin Johnston Largen -- Dorothy Day and Pațācārā: two women and their long loneliness / James L. Fredericks.
520 ## - SUMMARY, ETC.
Summary, etc "This book explores different ways in which Christians can creatively interpret the sacred writings of other religions and shows how the various Christian beliefs can be re-articulated in the light of interreligious dialogue, including revelation, Christ, the Holy Spirit, church and salvation, the ethics of violence, and ecology"--
650 #0 - SUBJECT ADDED ENTRY--TOPICAL TERM
Topical Term Christianity and other religions.
650 #0 - SUBJECT ADDED ENTRY--TOPICAL TERM
Topical Term Religions
650 #0 - SUBJECT ADDED ENTRY--TOPICAL TERM
Topical Term Religious pluralism
650 #0 - SUBJECT ADDED ENTRY--TOPICAL TERM
Topical Term Christianity and other religions
650 #0 - SUBJECT ADDED ENTRY--TOPICAL TERM
Topical Term Religions
650 #0 - SUBJECT ADDED ENTRY--TOPICAL TERM
Topical Term Religious pluralism
942 ## - ADDED ENTRY ELEMENTS (KOHA)
Koha item type Books
700 1# -
-- Phan, Peter C.,
700 1# -
-- Tran, Anh Q.,
Holdings
Home library Current library Shelving location Date acquired Source of acquisition Cost, normal purchase price Full call number Accession Number Koha item type
Henry Martyn Institute Library Henry Martyn Institute Library General stacks 10/28/2024 Kohinoor Book Distributor 11210.00 261.2 LEO 25979 Books
                   Copyright © 2026 | Henry Martyn Institute | Hyderabad | TS-500052 | INDIA | Implemented by hmi.edu.in
Hit-Count:

Powered by Koha